00719 2200205 4500245005000000020001800050250001100068100001600079700002800095650002100123650001900144005001900163260003600182041001400218084000800232300002500240500020100265490003800466336000900504 aKehidupan Masyarakat BajaucT. BachtiarhText a978-744-472-4 aCet. 3 aT. Bachtiar aNastiti Pudyaning Utami aMasyarakat Bajau aBuku Pengayaan a20241011142908 aJakartabAzka Mulia Mediac2020 aIndonesia a301 avi, 58 hlm. :cilus. aBuku ini mengisahkan masyarakat Bajau. Masyarakat Bajau sangat menggantungkan kehidupannya pada laut. Sejak ratusan tahun yang lalu, mereka tinggal di laut di lautan bebas, tanpa dinding penyekat. aSeri Keterampilan Flora dan Fauna atext